000
00293nam a2200121Ia 4500
008
250327s9999 xx 000 0 und d
020
_a
9781529743791
082
_b
HAN
_a
CQR
100
_a
HANLON; TUTEN
_9
34499
245
0
_a
THE SAGE HANDBOOK OF DIGITAL MARKETING
260
_b
SAGE
942
_c
BK
999
_c
7293
_d
7293